| 000 | 00734nam a2200253Ia 4500 | ||
|---|---|---|---|
| 003 | OSt | ||
| 005 | 20220925201905.0 | ||
| 006 | a|||||r|||| 00| 0 | ||
| 007 | ta | ||
| 008 | 220923b |||||||| |||| 00| 0 eng d | ||
| 020 | _a81741502246 | ||
| 037 | _cGeneral Book | ||
| 040 |
_aRTL _cRTL _beng |
||
| 041 |
_2eng _aeng |
||
| 082 | _aT2:(R4).2.P, P3 | ||
| 100 |
_aRajput J S Ed. _9262816 |
||
| 245 | 0 | _aValue education in Indian Schools | |
| 260 |
_aDelhi _bNCERT India _c2003 |
||
| 300 |
_axii,498p _ccm. |
||
| 490 | _aNational Council of Educational Research and Training | ||
| 650 |
_aSecondary Education _9171032 |
||
| 942 |
_hT2:(R4).2.P, P3 _cGB _2CC |
||
| 999 |
_c541628 _d541628 |
||